000 00839nam a2200265 a 4500
001 BRCA_4777
005 20190320204812.0
008 071010s1936----mx-a######---#000-0#spa-#
041 _aspa
044 _amx
050 4 _aNA5257.M4
_b.C47 4 1936
100 1 _aCervantes, Enrique A.
_9383
245 1 0 _aCatedral Metropolitana
_bsillería del coro
_cEnrique A. Cervantes.
260 _aMéxico
_bE. A. Cervantes
_c1936
300 _axxxix hojas sueltas
_bil.
_c29 cm.
500 _aHojas inventariadas por Banco de México como libro
500 _aEjemplar igual a C73, D86 y X41
500 _aY177
610 2 4 _aCatedral Metropolitana (Ciudad de México)
_910206
650 1 4 _aArquitectura colonial
_97560
650 1 4 _aArquitectura barroca
_zMéxico
_923
650 1 4 _aSillerías del coro
_910208
902 _aGFM
942 _2lcc
_cB
999 _c4474
_d4474